000
00303nam a2200133Ia 4500
008
200103s9999||||xx |||||||||||||| ||und||
040
_a
IMU-MPC
082
_a
Column-41
100
_a
Dixon, J. H.
245
0
_a
Shipbuilding Technology
260
_b
Mir Publishers, Moscow
300
_a
545
942
_c
BK
999
_c
8584
_d
8584